True Or False:NASCAR Cup Series Edition - Statistics

General Stats
  • This quiz has been taken 42 times
  • The average score is 9 of 15
Answer Stats
Question Answer % Correct
Martin Truex Jr. was in the 2019 Championship 4. True
90%
Christopher Bell was in the 2023 Championship 4. True
90%
Corey LaJoie once drove for Spire Motorsports. True
90%
Kyle Busch won the 2017 championship. False
80%
Kyle Larson has never won a Daytona 500. True
80%
Michael McDowell has never won on a Road Course. False
70%
Dale Earnhardt Jr. never won a championship. True
70%
Kurt Busch once raced for Team Penske. True
70%
Chase Elliott has been in the Championship 4 every year from 2019-2022. False
60%
Tony Stewart won the 2010 championship. False
60%
Jimmie Johnson won every championship from 2007-2011. False
50%
Kevin Harvick was in the 2020 Championship 4. False
50%
Chase Elliott was suspended for intentionally wrecking Denny Hamlin in 2022. False
30%
Denny Hamlin has won 6 races at Pocono. False
20%
Richard Petty won the 1973 championship. False
20%
No matching quizzes found
Score Distribution
Percent of People with Each Score
Percentile by Number Answered
Your Score History
You have not taken this quiz